Pokémon-Comment s'appelle cette Classe de Dresseurs - Statistiques

Statistiques générales
  • Ce quiz a été pris 59 fois
  • Le résultat moyen est 12 sur 16
Statistiques - réponses
Par images Réponse % Correct
Montagnard
100%
Pêcheur
100%
Cycliste
98%
Gamin
96%
Nageur
96%
Topdresseur
94%
Guitariste
79%
Canon
77%
Eleveur
77%
Scout
75%
Kinésiste
63%
Combattante
60%
Mystimaniac
48%
Soeur Parasol
46%
Aromathérapeute
44%
Crache-Feu
44%
Aucun quiz correspondant
Distribution des résultats
% des personnes avec chaque résultat
Percentile par nombre de réponses
Votre historique - résultats
Vous n’avez pas pris ce quiz